Η πολιτική ως επάγγελμα

Αποθηκεύτηκε σε:
Λεπτομέρειες βιβλιογραφικής εγγραφής
Κύριος συγγραφέας: Weber, Max, 1864-1920
Άλλοι συγγραφείς: Κυπραίος, Μιχάλης Γ. (Μεταφραστής)
Μορφή: Βιβλίο
Γλώσσα:Greek
Δημοσίευση: Αθήνα : Παπαζήσης, 1992
Θέματα:
Ετικέτες: Προσθήκη ετικέτας
Δεν υπάρχουν, Καταχωρήστε ετικέτα πρώτοι!

MARC

LEADER 00000nam a2200000 i 4500
001 1/97762
008 950223s1992 gre d
035 |l 10010683 
040 |a GR-MY-UA  |b gre  |e aacr 
041 0 |a gre 
082 0 |a 320.01 
100 1 |a Weber, Max,   |d 1864-1920. 
245 1 2 |a Η πολιτική ως επάγγελμα /  |c Max Weber ; Εισαγωγή, μετάφραση Μιχαηλ Γ. Κυπραίου 
260 |a Αθήνα :   |b Παπαζήσης,   |c 1992 
300 |a 176 σ. 
600 1 0 |a Weber, Max,   |d 1864-1920. 
650 0 0 |a Political science. 
700 1 |a Κυπραίος, Μιχάλης Γ.  |4 trl 
852 |a INST  |b LESVOS  |e 19950228  |h 320.01 WEB  |p 005100002670  |q 005100002670  |t BK  |y 0 
852 |a INST  |b LESVOS  |e 19950223  |h 320.01 WEB  |p 005100002750  |q 005100002750  |t BK  |y 0 
909 |a Λ  |b 024278 
922 |a 1ΕΛΗ  |b 199211  |c ΠΠ/2141